000
00236nam a2200097Ia 4500
001
1100787
005
20250827003246.0
008
250824s9999 xx 000 0 und d
245
0
_a
SATRANÇ
_c
STEFAN ZWEIG
260
_b
İNDİGO YAYINLARI
999
_c
1100787
_d
1100787